[Event "elllobregat Open-A 2019"]
[Site "El Prat de Llobregat"]
[Date "2019.12.09"]
[Round "7.2"]
[White "Del Rio De Angelis, Salvador G."]
[Black "Erigaisi Arjun"]
[Result "1/2-1/2"]
[WhiteElo "2507"]
[BlackElo "2544"]
[Annotator "TA"]
[PlyCount "73"]
[EventDate "2019.12.03"]
[EventType "swiss"]
[EventCountry "ESP"]
[SourceTitle "playchess.com"]
[Source "ChessBase"]
[SourceQuality "1"]

{[%evp 19,73,14,15,14,16,14,10,8,14,20,25,0,0,0,0,-53,-8,-33,-39,-46,-43,-45,-47,-57,-57,-62,-62,-68,-68,-65,-52,-70,-60,-77,-68,-70,-70,-66,-58,-59,-51,-51,-51,-59,-51,-70,-71,-71,-59,-73,-68,-80,-71,-81,-31,-56]} 1. d4 Nf6 2. c4 e6 3. Nc3 Bb4 4. e3 b6 5. Bd3 Bb7 6. Nf3 O-O 7. O-O d5 8. cxd5 exd5 9. Ne5 Nbd7 10. f4 c5 11. Ne2 {E52: Nimzo-Indian: Rubinstein: 4...0-0 5 Nf3 d5 6 Bd3 b6} c4 12. Bc2 Qe7 $146 ({Predecessor:} 12... Ne8 13. Rf3 Ndf6 14. Nc3 Bc8 15. Nc6 Qd6 16. Nxb4 Qxb4 17. h3 Bb7 18. Bd2 Qe7 {1-0 (89) Navara,D (2741)-Kryvoruchko,Y (2711) Linares 2018}) 13. Nc3 {The position is equal.} Rac8 14. Bd2 Rfd8 15. Be1 Ne4 16. Qg4 {[#] Threatens to win with Nxe4.} Bxc3 17. bxc3 (17. Bxc3 $11 f6 18. Nxd7 Rxd7 19. Bxe4 dxe4 20. f5) 17... f6 (17... Ndf6 {is more complex.} 18. Qh3 Ne8 19. Nf3 f6 20. Nd2 N8d6) 18. Nxd7 (18. Nf3 {is interesting.} Rc7 19. Nh4 Nb8 20. Nf5 Qd7 21. Qh5) 18... Qxd7 19. Qxd7 Rxd7 20. Bxe4 dxe4 21. Rf2 Rd5 22. Rb2 Ra5 23. Rc1 Kf7 24. Rcc2 Ke6 25. Bg3 Ba6 26. Kf2 Rd8 27. Ke1 Rdd5 28. Kd1 Ra3 29. Kc1 h5 30. Be1 Rda5 31. Kb1 Bc8 32. Rf2 Bd7 33. Rb4 Kd5 34. Rbb2 Ba4 35. Rfe2 Ke6 36. Rf2 Bb3 37. Rfe2 {Accuracy: White = 46%, Black = 50%.} 1/2-1/2

[Event "elllobregat Open-A 2019"]
[Site "El Prat de Llobregat"]
[Date "2019.12.09"]
[Round "7.3"]
[White "Puranik, Abhimanyu"]
[Black "Alsina Leal, Daniel"]
[Result "1/2-1/2"]
[WhiteElo "2580"]
[BlackElo "2462"]
[Annotator "TA"]
[PlyCount "115"]
[EventDate "2019.12.03"]
[EventType "swiss"]
[EventCountry "ESP"]
[SourceTitle "playchess.com"]
[Source "ChessBase"]
[SourceQuality "1"]

{[%evp 10,115,19,20,41,29,24,14,41,39,69,76,69,60,79,64,79,71,64,52,57,31,32,18,35,-2,-16,-40,0,0,0,0,4,0,1,0,37,27,55,54,85,83,141,152,196,199,191,164,207,183,241,162,157,143,151,132,111,89,116,108,102,76,126,109,59,8,150,137,137,98,94,77,71,71,71,71,98,71,86,87,87,71,78,42,132,45,43,0,0,0,67,0,0,0,0,0,0,0,0,0,683,0,0,0,0,0,0,0]} 1. e4 c6 2. Nc3 d5 3. Qf3 dxe4 4. Nxe4 Nd7 5. d4 Ndf6 6. c3 Bg4 {B11: Caro-Kann: Two Knights Variation} (6... Nxe4 7. Qxe4 Nf6 8. Qe5 Bg4 9. Be2 e6 10. Bxg4 Nxg4 11. Qe2 Qh4 12. Nf3 Qh5 13. Ne5 Nf6 14. Qxh5 Nxh5 15. Ke2 Bd6 {1-0 (48) Taylor,T (2454)-Carlsen,T (2641) ICCF email 2007}) 7. Qg3 Bf5 8. Nc5 Qc8 $146 ({Predecessor:} 8... Qb6 9. a4 Ne4 10. Qe5 Nd6 11. a5 Qc7 12. Bf4 e6 13. a6 b6 14. Nb7 {½-½ (36) Damians Janes,J (1982)-Navarrete Terrasa,S (2002) Palma de Mallorca 2011}) 9. Nf3 Ne4 10. Nxe4 Bxe4 11. Ne5 Nf6 12. Bc4 Bd5 13. Be2 g6 14. c4 Be4 15. f3 Bf5 16. Qh4 Nd7 17. g4 Be6 $1 18. f4 Nxe5 (18... h5 $5) 19. dxe5 h5 20. gxh5 gxh5 21. Be3 $36 {[%mdl 2048] White is pushing.} Bg4 22. Qf2 Bxe2 23. Qxe2 Qg4 24. Rg1 Qxe2+ 25. Kxe2 b6 (25... e6 $142) 26. a4 $16 {[%cal Ba2a4,Ba4a5][%mdl 32]} Bh6 27. a5 Kd7 28. Kf3 ({Resist} 28. axb6 $6 axb6 29. b4 Kc7 $14) 28... Kc7 29. Ra3 Rhb8 (29... bxa5 $142 30. Bd2 (30. Rxa5 Rhd8 $16) 30... Rhg8 31. Bxa5+ Kd7 32. Rxg8 Rxg8) 30. axb6+ axb6 31. Rga1 $1 Rxa3 32. Rxa3 {[%mdl 4096] Endgame KRB-KRB} Kb7 33. Rb3 Kc7 34. Ke4 e6 35. Bf2 b5 36. Rh3 $1 {[%cal Rh3h5]} bxc4 37. Bd4 (37. Rxh5 $14 Bf8 38. Rh7) 37... Rg8 (37... Rd8 $11 {remains equal.}) 38. Rxh5 Rg6 39. Rh3 Kd7 40. Bc5 f5+ {[#]} 41. exf6 $1 Rxf6 42. Rh4 Rg6 43. Bd4 Ke8 44. Rh5 Bf8 45. h4 Rg2 46. Rh7 Rh2 {[#]} ({Black should try} 46... Bd6 $14) 47. h5 (47. Ke5 $1 $16 {[%cal Re5e6]} Re2+ 48. Kf6) 47... Bd6 $14 48. Rh8+ Kf7 49. Rh7+ (49. h6 $11) 49... Ke8 $1 50. Rh6 ({Better is} 50. h6 $14) 50... Kf7 $1 $11 51. Rf6+ Ke7 52. h6 {Black must now prevent Rg6.} Bc5 53. Be5 {Threatens to win with Rxe6+!} Rh3 {[%csl Gc5][%cal Rh3e3]} 54. f5 Re3+ 55. Kf4 Rxe5 $1 {The position is equal.} 56. h7 Bd4 $1 57. h8=Q {White threatens Qf8+ and mate.} Rxf5+ 58. Rxf5 {Accuracy: White = 49%, Black = 49%.} 1/2-1/2

[Event "elllobregat Open-A 2019"]
[Site "El Prat de Llobregat"]
[Date "2019.12.09"]
[Round "7.4"]
[White "Raja Harshit"]
[Black "Alonso Rosell, Alvar"]
[Result "1-0"]
[WhiteElo "2447"]
[BlackElo "2548"]
[Annotator "TA"]
[PlyCount "65"]
[EventDate "2019.12.03"]
[EventType "swiss"]
[EventCountry "ESP"]
[SourceTitle "playchess.com"]
[Source "ChessBase"]
[SourceQuality "1"]

{[%evp 11,65,22,29,26,36,17,44,29,42,37,35,47,58,53,60,37,43,37,49,43,54,50,51,55,68,61,62,0,0,0,0,2,163,87,168,179,183,166,506,506,531,511,580,572,575,585,562,562,597,590,576,550,4743,4221,3178,2895]} 1. e4 c5 2. Nf3 d6 3. d4 cxd4 4. Nxd4 Nf6 5. Nc3 a6 6. Bg5 Nbd7 7. Qe2 {B94: Sicilian Najdorf: 6 Bg5 Nbd7} h6 8. Bh4 b5 9. O-O-O $146 {White is slightly better.} ({Predecessor:} 9. f4 g5 10. fxg5 hxg5 11. Bxg5 Bb7 {½-½ (60) Cornette,M (2585)-Idani,P (2496) Reykjavik 2015}) 9... Bb7 10. f4 g5 11. fxg5 hxg5 12. Bxg5 e6 13. g4 b4 14. Nd5 $1 {[%cal Rd5f6]} exd5 15. exd5+ Ne5 16. Bg2 {[%mdl 1024] White has compensation.} Rg8 17. h4 Rg6 18. Rhf1 Be7 19. Nf5 (19. Bf4 $1 $14) 19... Bc8 $11 20. Be4 Bxf5 21. Bxf5 Rg8 $2 {[#]} (21... Rxg5 $11 22. hxg5 Nfd7) 22. Bf4 $1 $18 {[%cal Rf4e5]} Nfd7 {[#]} (22... Nfxg4 $16 23. h5 Nf6) 23. g5 $1 Qc7 24. Kb1 Nb6 $2 (24... Rc8 {is more resistant.} 25. Qxa6 Rd8) 25. Bxe5 {White is clearly winning.} dxe5 26. Qh5 {Threatens to win with Be6!} Qd6 27. Be6 Kd8 28. Bxf7 Rf8 29. g6 Bf6 {[#]} 30. g7 $1 {[%mdl 576] Deflection, Decoy} Bxg7 31. Qg5+ {[%mdl 64] Double Attack} Qe7 {Strongly threatening ...Qxg5.} 32. Qxg7 {d6 would kill now.} Ra7 33. d6 {Accuracy: White = 92%, Black = 43%.} 1-0

[Event "elllobregat Open-A 2019"]
[Site "El Prat de Llobregat"]
[Date "2019.12.09"]
[Round "7.5"]
[White "Gagare, Shardul"]
[Black "Iniyan, P."]
[Result "0-1"]
[WhiteElo "2468"]
[BlackElo "2497"]
[Annotator "TA"]
[PlyCount "98"]
[EventDate "2019.12.03"]
[EventType "swiss"]
[EventCountry "ESP"]
[SourceTitle "playchess.com"]
[Source "ChessBase"]
[SourceQuality "1"]

{[%evp 9,98,13,25,8,9,11,12,9,0,-13,-6,-3,0,14,0,-36,-44,-40,-32,-55,-60,-58,-68,-65,-65,-75,-56,-75,-94,-137,-129,-133,-90,-163,-177,-174,-145,-134,-115,-158,-70,-79,-88,-152,-141,-144,-140,-193,-185,-171,-167,-156,-104,-237,-195,-272,-187,-177,-183,-200,-168,-468,-470,-454,-470,-460,-455,-479,-473,-464,-455,-475,-496,-487,-471,-637,-629,-912,-912,-1022,-1000,-1491,-1357,-755,-737,-29961,-12850,-29981,-1836,-29982,-29983]} 1. e4 c5 2. Nf3 d6 3. Bb5+ Nd7 4. O-O a6 5. Bd3 Ngf6 6. a4 {B51: Sicilian: Moscow Variation (3 Bb5+) without 3...Bd7} b6 7. c3 Bb7 8. Re1 {The position is equal.} Qc7 9. Qe2 {[#]} g5 $146 {[%mdl 512]} ({Predecessor:} 9... e6 10. Na3 Be7 11. Bc2 Rc8 12. d3 O-O {1-0 (44) Zhigalko,S (2683)-Korobov,A (2716) Rhodes 2013}) 10. Bc2 (10. Nxg5 Rg8) 10... g4 11. Nh4 $1 c4 $36 {[%mdl 2048] Black fights for an advantage.} 12. d4 cxd3 $1 13. Bxd3 e6 14. Bf4 Be7 15. Nd2 Rg8 16. g3 Nh5 17. Ng2 Nxf4 18. gxf4 h5 19. b4 h4 20. Rac1 g3 21. hxg3 (21. fxg3 $17 hxg3 22. h4) 21... hxg3 $19 22. f3 Nf6 23. Qe3 Bd8 24. Kf1 Qd7 (24... Bc6 $17 25. f5 e5) 25. Nc4 $1 $15 d5 26. Ne5 (26. Nxb6 $142 Bxb6 27. Qxb6 dxe4 28. Bxe4 Nxe4 29. fxe4) 26... Qc7 $17 ({Not} 26... Qxa4 $2 27. Ra1 $18) 27. c4 dxe4 28. fxe4 (28. Bxe4 $17 Nxe4 29. fxe4) 28... Nd7 $19 29. Nxd7 Qxd7 30. c5 {[#]} Qxa4 ({Better is} 30... Bc6 $1 31. Bxa6 Rxa6) 31. Ke2 (31. b5 $17 bxc5 32. Ra1) 31... bxc5 ({But not} 31... Qxb4 32. c6 $17) 32. bxc5 (32. Qxc5 $142 Rc8 33. Qe3) 32... Bf6 33. c6 Bxc6 {White must now prevent ...Rb8.} 34. Rc4 Qb5 35. Rb1 $2 (35. Rec1 {might work better.} Qh5+ 36. Qf3 Qxf3+ 37. Kxf3) 35... Qh5+ 36. Qf3 Qxf3+ 37. Kxf3 Bb5 38. e5 Bxc4 39. Bxc4 Be7 40. Ne3 Bc5 41. Ng2 a5 {[%cal Ba6a5,Ba5a4,Ba4a3,Ba3a2][%mdl 32]} 42. Rb7 a4 43. f5 a3 44. Ba2 O-O-O 45. Rxf7 Rd2 46. Bxe6+ Kb8 {And now ...Rf2+ would win.} 47. Rh7 {[#]} a2 $1 {[%mdl 512]} 48. Rh1 Rf2+ 49. Ke4 Rd8 {Accuracy: White = 45%, Black = 63%.} 0-1

[Event "elllobregat Open-A 2019"]
[Site "El Prat de Llobregat"]
[Date "2019.12.09"]
[Round "7.6"]
[White "Kjartansson, Gudmundur"]
[Black "Zanan, Evgeny"]
[Result "1/2-1/2"]
[WhiteElo "2448"]
[BlackElo "2493"]
[Annotator "TA"]
[PlyCount "93"]
[EventDate "2019.12.03"]
[EventType "swiss"]
[EventCountry "ESP"]
[SourceTitle "playchess.com"]
[Source "ChessBase"]
[SourceQuality "1"]

{[%evp 9,93,22,29,29,39,0,14,0,0,0,0,0,0,-4,0,-6,0,-11,0,-32,-32,-45,-31,-51,-48,-67,0,-1,0,0,0,0,0,0,0,0,0,0,7,7,3,6,7,6,3,3,3,0,14,14,14,14,14,14,14,14,7,0,0,0,8,0,0,0,7,0,7,0,0,0,0,0,7,7,9,7,7,7,7,7,7,7,7,0,8,0]} 1. Nf3 d5 2. g3 g6 3. Bg2 Bg7 4. d4 Nd7 $146 (4... Nf6 5. O-O O-O 6. c4 c6 7. cxd5 cxd5 8. Ne5 Nc6 9. Nc3 e6 10. Nxc6 bxc6 11. Na4 Nd7 12. Bf4 Qa5 13. Rc1 Ba6 14. b3 Bb5 15. Re1 Bxa4 16. bxa4 Rfc8 17. e4 Qb4 18. Be3 Nb6 19. e5 Qxa4 20. Qb3 Qa6 {1-0 (53) Ding,L (2811)-Shankland,S (2705) chess.com INT 2019}) 5. O-O Ngf6 6. c4 {D02: 1 d4 d5 2 Nf3 sidelines, including 2...Nf6 3 g3 and 2...Nf6 3 Bf4} dxc4 7. Na3 Nb6 {[#]} 8. Nxc4 $1 {[%mdl 576] Decoy} Nxc4 9. Qa4+ {[%mdl 64] Double Attack} c6 {Strongly threatening ...Nd6.} 10. Qxc4 Be6 $36 {[%mdl 2048] Black has good play.} 11. Qa4 Bd5 12. Bf4 O-O 13. Rfe1 Qb6 14. b3 Rfd8 15. Be5 a5 16. Qa3 Bf8 17. Qc1 Nd7 (17... a4 $15) 18. Bf4 $11 {The position is equal.} Bxf3 19. Bxf3 Bg7 20. e3 e5 21. dxe5 Nxe5 22. Bxe5 Bxe5 23. Rb1 Rd3 24. Rd1 Rxd1+ 25. Qxd1 Rd8 26. Qc2 Qb4 27. Rd1 Rxd1+ 28. Qxd1 Qd6 (28... Qe7 {looks sharper.} 29. Qd2 Qc7 30. Kg2 Bf6 31. Be2 Kg7) 29. Qxd6 Bxd6 {[%mdl 4096] Endgame KB-KB} 30. Bg4 f5 31. Be2 Kf7 32. Bc4+ Kf6 33. a4 g5 34. f4 gxf4 35. exf4 Bc5+ 36. Kg2 Bd4 37. Be2 Bc5 38. Bd3 h6 39. Be2 Bd4 40. h3 Bc5 41. g4 fxg4 42. hxg4 Be3 43. Kf3 Bd2 44. Ke4 Bc1 45. Bc4 Bd2 46. Be2 Bc1 47. Bc4 {Accuracy: White = 59%, Black = 61%.} 1/2-1/2

[Event "elllobregat Open-A 2019"]
[Site "El Prat de Llobregat"]
[Date "2019.12.09"]
[Round "7.7"]
[White "Raja Rithvik R"]
[Black "Karthik Venkataraman"]
[Result "1/2-1/2"]
[WhiteElo "2381"]
[BlackElo "2470"]
[Annotator "TA"]
[PlyCount "52"]
[EventDate "2019.12.03"]
[EventType "swiss"]
[EventCountry "ESP"]
[SourceTitle "playchess.com"]
[Source "ChessBase"]
[SourceQuality "1"]

{[%evp 14,52,6,36,11,5,17,2,13,6,7,10,29,22,33,30,42,40,20,15,15,15,18,8,14,0,14,14,14,14,18,21,26,0,0,0,0,0,0,0,0]} 1. Nf3 g6 2. c4 Bg7 3. d4 Nf6 4. g3 d5 5. Bg2 O-O 6. O-O c6 7. b3 dxc4 8. bxc4 c5 {D78: Fianchetto Grünfeld: 6 0-0 c6} 9. Bb2 Qb6 10. Qb3 Ne4 11. e3 Nc6 12. Ne5 Nd6 13. dxc5 $146 ({Predecessor:} 13. Nxc6 bxc6 14. dxc5 {½-½ (25) Howell,D (2685)-Gelfand,B (2735) Tallinn 2016}) 13... Qxc5 14. Nxc6 bxc6 15. Bxg7 Kxg7 16. Nd2 Be6 17. Rfc1 Rab8 18. Qc3+ Kg8 19. h4 Rfd8 20. Nb3 Qxc4 21. Qxc4 Nxc4 ({Reject} 21... Bxc4 $6 22. Na5 $16) 22. Nd4 Ne5 23. Rc5 Bd5 {The position is equal.} 24. Nxc6 Bxc6 25. Rxe5 Bxg2 26. Kxg2 Rd7 {Accuracy: White = 73%, Black = 64%.} 1/2-1/2

[Event "elllobregat Open-A 2019"]
[Site "El Prat de Llobregat"]
[Date "2019.12.09"]
[Round "7.8"]
[White "Low, Zhen Yu Cyrus"]
[Black "Gukesh D"]
[Result "0-1"]
[WhiteElo "2420"]
[BlackElo "2547"]
[Annotator "TA"]
[PlyCount "36"]
[EventDate "2019.12.03"]
[EventType "swiss"]
[EventCountry "ESP"]
[SourceTitle "playchess.com"]
[Source "ChessBase"]
[SourceQuality "1"]

{[%evp 9,62,22,35,50,32,37,65,0,14,-24,-10,-122,-116,-74,-87,-108,-88,-230,-228,-270,-226,-303,-316,-303,-297,-350,-294,-318,-325,-318,-306,-311,-315,-299,-251,-250,-259,-253,-247,-343,-339,-333,-255,-329,-333,-366,-360,-517,-398,-632,-645,-641,-631,-591,-620]} 1. e4 g6 2. d4 Bg7 3. Nc3 d6 4. f4 Nf6 5. Bd3 Nc6 6. e5 {B09: Pirc Defence: Austrian Attack} (6. Nf3 Bg4 7. Be3 O-O 8. h3 Bxf3 9. Qxf3 e5 10. dxe5 dxe5 11. f5 Nd4 12. Qf2 Nh5 13. O-O-O c6 14. Kb1 Qe7 15. Ne2 Rfd8 16. g4 Nxe2 17. gxh5 Nf4 18. hxg6 hxg6 19. fxg6 fxg6 20. Bxf4 exf4 21. Bc4+ {0-1 (62) Frolyanov,D (2517)-Duda,J (2738) St Petersburg 2018}) 6... dxe5 7. fxe5 Nh5 $146 ({Predecessor:} 7... Nd5 8. Nf3 Nxc3 9. bxc3 Na5 10. O-O c5 11. Ng5 O-O 12. Nxh7 Kxh7 13. Rxf7 Rxf7 14. Qh5+ Kg8 15. Bxg6 Kf8 16. Bxf7 Bg4 17. Qxg4 Kxf7 18. Bh6 Qh8 19. Rf1+ Bf6 20. Qh5+ {1-0 (20) Hauge,L (2476)-Getz,N (2377) Larvik 2019}) 8. Bb5 ({White should play} 8. Be3 $14) 8... O-O $11 9. Be3 f6 10. g4 (10. Bc4+ $11 {keeps the balance.} e6 11. exf6 Nxf6 12. Nf3) 10... fxe5 $17 11. d5 ({But not} 11. gxh5 $2 exd4 12. hxg6 hxg6 $19) 11... Nd4 {...Bxg4! is the strong threat.} 12. gxh5 {[#]} e6 $1 {Threatens to win with ...Qh4+.} 13. Bd3 (13. h4 $17 exd5 14. Be2) 13... exd5 $19 14. Qd2 e4 15. Bxe4 dxe4 16. O-O-O {[%cal Re3d4]} Bg4 17. h6 Be5 18. Re1 Nf5 {Played: Nd4-f3} 0-1

[Event "elllobregat Open-A 2019"]
[Site "El Prat de Llobregat"]
[Date "2019.12.09"]
[Round "7.9"]
[White "Akash Pc, Iyer"]
[Black "Sosa, Tomas"]
[Result "0-1"]
[WhiteElo "2415"]
[BlackElo "2520"]
[Annotator "RC"]
[PlyCount "78"]
[EventDate "2019.12.03"]
[EventType "swiss"]
[EventCountry "ESP"]
[SourceTitle "playchess.com"]
[Source "ChessBase"]
[SourceQuality "1"]
[TimeControl "40/5400+30:1800+30"]

1. d4 {[%emt 0:00:00]} e6 {[%emt 0:02:50]} 2. c4 {[%emt 0:00:06]} b6 {[%emt 0:00:08]} 3. Nc3 {[%emt 0:02:52]} Bb7 {[%emt 0:00:52]} 4. e3 {[%emt 0:03:55]} Nf6 {[%emt 0:10:12]} 5. Nge2 {[%emt 0:04:04]} g6 {[%emt 0:01:38]} 6. Qc2 {[%emt 0:04:18]} Bg7 {[%emt 0:14:36]} 7. e4 {[%emt 0:07:29]} O-O {[%emt 0:00:10]} 8. Bg5 {[%emt 0:11:34]} h6 {[%emt 0:00:28]} 9. Bh4 {[%emt 0:00:06]} g5 {[%emt 0:08:55]} 10. Bg3 {[%emt 0:00:21]} d5 {[%emt 0:00:09]} 11. e5 {[%emt 0:01:03]} Ne4 {[%emt 0:09:54]} 12. O-O-O {[%emt 0:16:58]} Nxc3 {[%emt 0:08:20]} 13. Nxc3 {[%emt 0:00:11]} Nc6 {[%emt 0:00:22]} 14. h4 {[%emt 0:12:59]} dxc4 {[%emt 0:03:38]} 15. Qd2 {[%emt 0:01:36]} Nb4 {[%emt 0:09:03]} 16. hxg5 {[%emt 0:03:48]} Qxg5 {[%emt 0:01:08]} 17. Bf4 {[%emt 0:00:20]} Qg6 {[%emt 0:01:21]} 18. Bxh6 {[%emt 0:03:50]} Rad8 {[%emt 0:08:33]} 19. Bxg7 {[%emt 0:05:04]} Kxg7 {[%emt 0:00:08]} 20. Rh4 {[%emt 0:00:41]} c5 {[%emt 0:01:23]} 21. Rh3 {[%emt 0:05:01]} Rxd4 {[%emt 0:01:55]} 22. Rg3 {[%emt 0:00:06]} Qxg3 {[%emt 0:01:40]} 23. fxg3 Rxd2 {[%emt 0:00:03]} 24. Rxd2 {[%emt 0:00:12]} Nc6 {[%emt 0:04:40]} 25. Rd7 {[%emt 0:02:37]} Rb8 {[%emt 0:00:16]} 26. Nb5 {[%emt 0:01:34]} Nxe5 {[%emt 0:00:12]} 27. Rc7 {[%emt 0:00:08]} a6 {[%emt 0:00:53]} 28. Nd6 {[%emt 0:00:07]} Bd5 {[%emt 0:00:23]} 29. Nc8 {[%emt 0:00:57]} Kf8 {[%emt 0:03:55]} 30. a4 {[%emt 0:00:17]} Ke8 {[%emt 0:04:18]} 31. Nd6+ {[%emt 0:00:26]} Kf8 {[%emt 0:00:18]} 32. Nc8 {[%emt 0:00:04]} Ke8 {[%emt 0:00:04]} 33. Nd6+ {[%emt 0:00:18]} Kd8 {[%emt 0:01:25]} 34. Ra7 {[%emt 0:00:09]} f5 {[%emt 0:00:27]} 35. Kd2 {[%emt 0:01:00]} b5 {[%emt 0:00:48]} 36. axb5 {[%emt 0:00:39]} axb5 {[%emt 0:00:03]} 37. Ke3 {[%emt 0:00:46]} Rb6 {[%emt 0:00:08]} 38. Nf7+ {[%emt 0:00:32]} Nxf7 {[%emt 0:00:05]} 39. Rxf7 {[%emt 0:00:06]} Ra6 {[%emt 0:01:52]} 0-1

[Event "elllobregat Open-A 2019"]
[Site "El Prat de Llobregat"]
[Date "2019.12.09"]
[Round "7.10"]
[White "Narciso Dublan, Marc"]
[Black "Perez Mitjans, Orelvis"]
[Result "1/2-1/2"]
[WhiteElo "2516"]
[BlackElo "2412"]
[Annotator "TA"]
[PlyCount "103"]
[EventDate "2019.12.03"]
[EventType "swiss"]
[EventCountry "ESP"]
[SourceTitle "playchess.com"]
[Source "ChessBase"]
[SourceQuality "1"]

{[%evp 26,103,21,23,31,6,0,0,19,0,0,0,0,0,0,0,0,0,0,0,39,0,32,16,0,0,0,0,20,0,0,0,0,0,0,-44,-45,-42,-21,-19,-25,-94,-52,-94,-47,-91,-91,-95,-83,-91,-70,-145,-140,-125,-46,-39,-38,-9,0,-25,0,0,0,-16,-6,-9,-7,-7,0,0,0,0,0,-153,-62,-69,0,0,0,0]} 1. e4 c5 2. Nf3 Nc6 3. Bb5 g6 4. O-O Bg7 5. Re1 Nf6 6. e5 Nd5 7. Nc3 Nc7 8. Bxc6 dxc6 9. Ne4 Ne6 10. d3 O-O 11. Be3 b6 12. Qd2 Nd4 13. Nxd4 cxd4 14. Bh6 Qc7 {B31: Sicilian: 2...Nc6 3 Bb5 g6} (14... c5 15. h4 Qd5 16. Bxg7 Kxg7 17. Ng3 Bb7 18. f3 Qe6 19. b3 {½-½ (19) Bacrot,E (2714)-Moiseenko,A (2699) Tromsoe 2013}) 15. Bxg7 Kxg7 {[#]} 16. Ng3 $146 ({Predecessor:} 16. Qf4 c5 17. h4 h5 18. Ng5 Qc6 19. Re2 Be6 20. a4 {1-0 (71) Neiksans,A (2560)-Kula,R (2319) Warsaw 2013}) 16... f5 17. exf6+ exf6 18. Re4 c5 19. Rae1 {[#] Black must now prevent Re7+.} Rf7 20. Ne2 Bf5 21. Nf4 Qd6 22. R4e2 Rc8 23. h3 Rcc7 24. g4 Bd7 25. c4 dxc3 26. bxc3 b5 {[%cal Bb6b5,Bb5b4][%mdl 32]} 27. Qe3 Rc8 28. Qf3 c4 29. Qg3 Kg8 30. Re3 b4 31. dxc4 Rxc4 32. Ne2 Qd2 33. Kf1 (33. Rf1 $11 {keeps the balance.}) 33... bxc3 {Threatens to win with ...c2.} 34. Rxc3 Re4 {And now ...Rxe2! would win.} 35. Re3 Rxe3 36. Qxe3 Qxa2 37. Nf4 a5 38. Qd4 (38. Rd1 $15 Kg7 39. Qd4) 38... Qb3 $17 39. Re3 Qb1+ (39... Qa4 $17 40. Qxa4 Bxa4) 40. Kg2 $15 a4 41. f3 Bc6 42. Qd6 Qb2+ 43. Kg3 Qc1 44. Re6 g5 45. Ng2 $132 {[%mdl 2048] White is fighting back} Bb7 {Threatening ...Kg7.} 46. Rxf6 Qc7 47. Qxc7 Rxc7 48. Rf5 h6 {aiming for ...Rf7.} 49. Ne3 $2 {[#]} (49. Ra5 $11) 49... a3 ({Better is} 49... Rf7 $1 $17 {Strongly threatening ...a3.} 50. Rxf7 Kxf7) 50. Rb5 Rc3 (50... Rf7 $15 51. Nf5 Rd7) 51. Rxb7 $11 Rxe3 52. Ra7 {Accuracy: White = 55%, Black = 42%.} 1/2-1/2